| 000 | 00785cam a2200229 a 4500 | ||
|---|---|---|---|
| 001 | 3401163 | ||
| 005 | 20240202020911.0 | ||
| 008 | 890713s1990 caua b 000 0 eng | ||
| 020 | _a0804717621 (alk. paper) | ||
| 040 |
_aDLC _cDLC _dDLC |
||
| 082 | 0 | 0 |
_a303.44 _220 _bGIDD. |
| 100 | 1 | _aGiddens, Anthony. | |
| 245 | 1 | 4 |
_aThe consequences of modernity / _cAnthony Giddens. |
| 260 |
_aStanford, Calif. : _bStanford University Press, _c1990. |
||
| 300 | _aix, 186 p. : | ||
| 500 | _aBased on the Raymond Fred West memorial lectures which the author delivered at Stanford University in April 1988. | ||
| 650 | 0 | _aSocial structure. | |
| 650 | 0 | _aCivilization, Modern. | |
| 650 | 0 | _aPostmodernism. | |
| 856 | 4 | 2 | _uhttp://www.loc.gov/catdir/enhancements/fy0827/89062426-d.html |
| 942 | _cL | ||
| 999 |
_c274 _d274 |
||